LLB degree in a nutshell. / (Record no. 9956)
[ view plain ]
| 000 -LEADER | |
|---|---|
| fixed length control field | 01120cam a2200265 i 4500 |
| 001 - CONTROL NUMBER | |
| control field | 20717412 |
| 003 - CONTROL NUMBER IDENTIFIER | |
| control field | OSt |
| 005 - DATE AND TIME OF LATEST TRANSACTION | |
| control field | 20230720154926.0 |
| 008 - FIXED-LENGTH DATA ELEMENTS--GENERAL INFORMATION | |
| fixed length control field | 181024s2016 enka b 001 0 eng d |
| 020 ## - INTERNATIONAL STANDARD BOOK NUMBER | |
| International Standard Book Number | 9789988193799 |
| 035 ## - SYSTEM CONTROL NUMBER | |
| System control number | (OCoLC)ocn958091798 |
| 040 ## - CATALOGING SOURCE | |
| Original cataloging agency | CVU |
| Language of cataloging | eng |
| Transcribing agency | LC |
| Description conventions | rda |
| Modifying agency | OCLCO |
| -- | YDX |
| -- | SISMU |
| -- | OCLCF |
| -- | OCLCQ |
| -- | SINLB |
| -- | Z5A |
| -- | ERD |
| -- | UEJ |
| -- | VP@ |
| -- | UAT |
| -- | OCLCQ |
| -- | DLC |
| 042 ## - AUTHENTICATION CODE | |
| Authentication code | lccopycat |
| 043 ## - GEOGRAPHIC AREA CODE | |
| Geographic area code | e-uk--- |
| 050 ## - LIBRARY OF CONGRESS CALL NUMBER | |
| Classification number | KRX68.O97 |
| 100 ## - MAIN ENTRY--PERSONAL NAME | |
| Personal name | Owusu, Justice Kwadwo |
| 9 (RLIN) | 1883 |
| 245 10 - TITLE STATEMENT | |
| Title | LLB degree in a nutshell. / |
| Statement of responsibility, etc. | Justice Kwadwo Owusu. |
| 264 #1 - PRODUCTION, PUBLICATION, DISTRIBUTION, MANUFACTURE, AND COPYRIGHT NOTICE | |
| Place of production, publication, distribution, manufacture | Accra: |
| Name of producer, publisher, distributor, manufacturer | Pentecost press Ltd., |
| Date of production, publication, distribution, manufacture, or copyright notice | 2018. |
| 300 ## - PHYSICAL DESCRIPTION | |
| Extent | xvi, 278 p. : |
| Dimensions | 25 cm |
| 336 ## - CONTENT TYPE | |
| Content type term | text |
| Content type code | txt |
| Source | rdacontent |
| 505 00 - FORMATTED CONTENTS NOTE | |
| Title | Contents: The Ghana legal system -- The law of contract -- Commercial law -- Tort and negligence -- Constitutional law of Ghana -- Criminal law of Ghana -- Equity and succession -- The law of immovable property -- Company and partnership law -- Jurisprudence -- |
| 906 ## - LOCAL DATA ELEMENT F, LDF (RLIN) | |
| a | 7 |
| b | cbc |
| c | copycat |
| d | 2 |
| e | ncip |
| f | 20 |
| g | y-gencatlg |
| 942 ## - ADDED ENTRY ELEMENTS (KOHA) | |
| Source of classification or shelving scheme | Library of Congress Classification |
| Koha item type | Books |
| Withdrawn status | Lost status | Source of classification or shelving scheme | Damaged status | Not for loan | Home library | Current library | Shelving location | Date acquired | Full call number | Barcode | Date last seen | Copy number | Price effective from | Koha item type | Total Checkouts |
|---|---|---|---|---|---|---|---|---|---|---|---|---|---|---|---|
| Library of Congress Classification | WISCONSIN INTERNATIONAL UNIVERSITY COLLEGE, GHANA - MAIN LIBRARY | WISCONSIN INTERNATIONAL UNIVERSITY COLLEGE, GHANA - MAIN LIBRARY | Law Library | 31/07/2023 | KRX68.O97 | 3134/294/23 | 31/07/2023 | 1 | 31/07/2023 | Books | |||||
| Library of Congress Classification | WISCONSIN INTERNATIONAL UNIVERSITY COLLEGE, GHANA - MAIN LIBRARY | WISCONSIN INTERNATIONAL UNIVERSITY COLLEGE, GHANA - MAIN LIBRARY | Law Library | 31/07/2023 | KRX68.O971 | 3135/295/23 | 31/07/2023 | 2 | 31/07/2023 | Books | |||||
| Library of Congress Classification | WISCONSIN INTERNATIONAL UNIVERSITY COLLEGE, GHANA - MAIN LIBRARY | WISCONSIN INTERNATIONAL UNIVERSITY COLLEGE, GHANA - MAIN LIBRARY | Law Library | 31/07/2023 | KRX68.O972 | 3136/296/23 | 31/07/2023 | 3 | 31/07/2023 | Books | |||||
| Library of Congress Classification | WISCONSIN INTERNATIONAL UNIVERSITY COLLEGE, GHANA KUMASI LIBRARY | WISCONSIN INTERNATIONAL UNIVERSITY COLLEGE, GHANA KUMASI LIBRARY | Law Library | 20/07/2023 | KRX68.O97 | KSL/2522/724/23 | 20/07/2023 | 1 | 20/07/2023 | Books | |||||
| Library of Congress Classification | WISCONSIN INTERNATIONAL UNIVERSITY COLLEGE, GHANA KUMASI LIBRARY | WISCONSIN INTERNATIONAL UNIVERSITY COLLEGE, GHANA KUMASI LIBRARY | Law Library | 20/07/2023 | KRX68.O971 | KSL/2523/725/23 | 20/07/2023 | 2 | 20/07/2023 | Books | |||||
| Library of Congress Classification | WISCONSIN INTERNATIONAL UNIVERSITY COLLEGE, GHANA KUMASI LIBRARY | WISCONSIN INTERNATIONAL UNIVERSITY COLLEGE, GHANA KUMASI LIBRARY | Law Library | 20/07/2023 | KRX68.O972 | KSL/2524/726/23 | 20/07/2023 | 3 | 20/07/2023 | Books |
